Normal view
MARC view
Entry Personal Name
001 - CONTROL NUMBER
- control field: 244481
003 - CONTROL NUMBER IDENTIFIER
- control field: OSt
005 - DATE AND TIME OF LATEST TRANSACTION
- control field: 20251107085537.0
008 - FIXED-LENGTH DATA ELEMENTS
- fixed length control field: 251107|| aca||aabn | a|a d
040 ## - CATALOGING SOURCE
- Original cataloging agency: OSt
- Transcribing agency: OSt
100 ## - HEADING--PERSONAL NAME
- Personal name: Elsie Silver
670 ## - SOURCE DATA FOUND
- Source citation: Work cat.: (OSt)240679: Elsie Silver, False start, 2024